00152nam a2200073 4500020001800000082000800018245004300026300000900069 a9789380005225 a400 aThe Autobiography of Benjamin Franklin a184p